000 00627nam a2200253Ia 4500
005 20250425162457.0
008 250425s9999 xx 000 0 und d
020 _a0132255901
041 _aeng
082 _a576
100 _aMATON, ANTHEA
245 0 _aPARADE OF LIFE: MONERANS, PROTISTS, FUNGI, AND PLANTS
250 _a2ND ED.
260 _aEstados Unidos
_bPRENTICE HALL
_c1994
260 _aS.L.
300 _a192
650 _aHONGOS
650 _aMONERAS
650 _aPLANTAS
650 _aPROCARIOTAS-LITERATURA JUVENIL
650 _aPROTISTAS-LITERATURA JUVENIL
942 _c01
010 _a76685
999 _c230065
_d230065